| 000 | 00264nam a22001097a 4500 | ||
|---|---|---|---|
| 999 |
_c16751 _d16751 |
||
| 003 | ASAB | ||
| 005 | 20171227113802.0 | ||
| 008 | 140102t xxu||||| |||| 00| 0 eng d | ||
| 020 | _a978-81-7319-794-9 | ||
| 040 | _cASAB | ||
| 082 | _a572.8 | ||
| 245 |
_aBioinformatics Computing _cEditor : Vikram singh et. al. |
||
| 260 |
_aNew Delhi _bNarosa Publishing House _cc2007 |
||
| 300 | _a207 P | ||
| 630 |
_aBioinformatics _95406 |
||
| 630 |
_aComputing _97695 |
||
| 942 |
_2ddc _cBK |
||